Textbook of Machine Drawing (Record no. 14448)
[ view plain ]
| 000 -LEADER | |
|---|---|
| fixed length control field | 00294nam a22001217a 4500 |
| 020 ## - INTERNATIONAL STANDARD BOOK NUMBER | |
| ISBN | 9788120337213 |
| 082 ## - DEWEY DECIMAL CLASSIFICATION NUMBER | |
| Classification number | 621.815 |
| Item number | JOH/TE |
| 100 ## - MAIN ENTRY--AUTHOR NAME | |
| Personal name | John, K.C. |
| 245 ## - TITLE STATEMENT | |
| Title | Textbook of Machine Drawing |
| 260 ## - PUBLICATION, DISTRIBUTION, ETC. (IMPRINT) | |
| Place of publication | New Delhi |
| Name of publisher | PHI Learning Private Limited |
| Year of publication | 2010 |
| 300 ## - PHYSICAL DESCRIPTION | |
| Number of Pages | 346 |
| 942 ## - ADDED ENTRY ELEMENTS (KOHA) | |
| Koha item type | Books |
| Withdrawn status | Lost status | Damaged status | Collection code | Home library | Current library | Shelving location | Date acquired | Source of acquisition | Cost, normal purchase price | Full call number | Accession Number | Koha item type |
|---|---|---|---|---|---|---|---|---|---|---|---|---|
| KAUAET | KAUAET | General Stacks | 30/03/2013 | Aman Book Stall, Calicut | 295.00 | 621.815 JOH/TE | 24075 | Books |
